|
|
|
|
| LEADER |
00000nab a2200000uu 4500 |
| 001 |
vtls011540034 |
| 003 |
SK-MaSNL |
| 005 |
20260303140626.0 |
| 008 |
230218|2003 xo |||||||||||||||||eng| |
| 015 |
|
|
|a SNBRB
|
| 035 |
|
|
|a (urnnbn)urn:nbn:sk:snk:ar-a09qtt
|
| 035 |
|
|
|a (uuid)dcb8f8a0-0ae3-492c-a9d5-d12172a346a4
|
| 035 |
|
|
|a urn:nbn:sk:snk-abeyd9
|
| 040 |
|
|
|a SNKBUCL
|b slo
|c SNKBUCL
|e AACR2
|
| 041 |
0 |
|
|a eng
|
| 044 |
|
|
|a xo
|c SK
|
| 100 |
1 |
|
|a Andonoski, Aleksandar
|4 aut
|9 1159212
|
| 245 |
1 |
0 |
|a GENETIC DIVERSITY OF SOUTHERN POPULATIONS OF ABIES ALBA MILL
|c Aleksandar Andonoski, Ladislav Paule, Roman Longauer
|
| 700 |
1 |
|
|a Paule, Ladislav,
|d 1947-
|4 aut
|9 243789
|
| 700 |
1 |
|
|a Longauer, Roman
|4 aut
|9 11258
|
| 773 |
0 |
|
|t Forest Genetics : international journal of forest genetics
|g Roč. 10, č. 1 (2003), s. 1-10
|
| 958 |
|
|
|a OND
|
| 958 |
|
|
|a EUIPO
|
| 958 |
|
|
|a article22
|
| 999 |
|
|
|c 1972545
|d 1974475
|